Income Tax : Procedure & Practice 2013-2014 (Record no. 35390)
[ view plain ]
| 000 -LEADER | |
|---|---|
| fixed length control field | 00467nam a2200193Ia 4500 |
| 008 - FIXED-LENGTH DATA ELEMENTS--GENERAL INFORMATION | |
| fixed length control field | 220531s9999 xx 000 0 und d |
| 041 ## - LANGUAGE CODE | |
| Language code of text/sound track or separate title | eng |
| 082 ## - DEWEY DECIMAL CLASSIFICATION NUMBER | |
| Classification number | - |
| Item number | WAK |
| 100 ## - MAIN ENTRY--PERSONAL NAME | |
| Personal name | Wakale, L. P. |
| 9 (RLIN) | 62148 |
| 245 ## - TITLE STATEMENT | |
| Title | Income Tax : Procedure & Practice 2013-2014 |
| 250 ## - EDITION STATEMENT | |
| Edition statement | 11th |
| 260 ## - PUBLICATION, DISTRIBUTION, ETC. (IMPRINT) | |
| Name of publisher, distributor, etc. | Gayatri |
| Date of publication, distribution, etc. | 2012 |
| 300 ## - PHYSICAL DESCRIPTION | |
| Extent | 284 |
| 542 ## - INFORMATION RELATING TO COPYRIGHT STATUS | |
| Copyright holder | 08-02-2013 |
| 551 ## - | |
| -- | General |
| -- | Text |
| 650 ## - SUBJECT ADDED ENTRY--TOPICAL TERM | |
| Topical term or geographic name as entry element | Taxation |
| 9 (RLIN) | 62149 |
| 906 ## - LOCAL DATA ELEMENT F, LDF (RLIN) | |
| d | 2012-2013 |
| Withdrawn status | Lost status | Source of classification or shelving scheme | Damaged status | Not for loan | Collection code | Home library | Current library | Date acquired | Vendor | Cost, normal purchase price | Total Checkouts | Total Holds | Full call number | Barcode | Date last seen | Bill Date | Koha item type | Original Barcode |
|---|---|---|---|---|---|---|---|---|---|---|---|---|---|---|---|---|---|---|
| Withdrawn | Dewey Decimal Classification | Shri Siddhivinayak Mahila Mahavidyalaya | Shri Siddhivinayak Mahila Mahavidyalaya | 08/02/2013 | Diamand | 140.00 | 10 | -/WAK/B/16393 | SSMM-BK-16393 | 06/08/2022 | 06/08/2022 | Books | 010016393 |